kku e-library facility

Logistics Engineering and Management (Record no. 227)

MARC details
000 -LEADER
fixed length control field 00397nam a2200133 4500
005 - DATE AND TIME OF LATEST TRANSACTION
control field 20260420095501.0
008 - FIXED-LENGTH DATA ELEMENTS--GENERAL INFORMATION
fixed length control field 260420b |||||||| |||| 00| 0 eng d
020 ## - INTERNATIONAL STANDARD BOOK NUMBER
International Standard Book Number 0-13-540047-3
100 ## - MAIN ENTRY--PERSONAL NAME
Personal name Blanchard S. Benjamin
245 ## - TITLE STATEMENT
Title Logistics Engineering and Management
Statement of responsibility, etc. /Benjamin S. Blanchard
260 ## - PUBLICATION, DISTRIBUTION, ETC.
Place of publication, distribution, etc. New Jersey;
Name of publisher, distributor, etc. Prentice-Hall Inc;
Date of publication, distribution, etc. 1974
300 ## - PHYSICAL DESCRIPTION
Extent xvi,399p.ill;
Dimensions 23.2cm
942 ## - ADDED ENTRY ELEMENTS (KOHA)
Source of classification or shelving scheme Library of Congress Classification
Suppress in OPAC No
Koha item type Books

No items available.

©2025 All rights reserved. KKU